Historia de la República del Perú : (Record no. 6533)

000 -CABECERA
fixed length control field 00974nam a22002537a 4500
003 - IDENTIFICADOR DEL NÚMERO DE CONTROL
control field AR-CdUCM
008 - DATOS DE LONGITUD FIJA--INFORMACIÓN GENERAL
fixed length control field 190318b ||||| |||| 00| 0 spa d
040 ## - FUENTE DE LA CATALOGACIÓN
Agencia/entidad que catalogó originalmente la obra MUNICIPALIDAD PROVINCIAL DEL CUSCO
Entidad que transcribió la catalogación BIBLIOTECA MUNICIPAL DEL CUSCO
082 ## - NÚMERO DE LA CLASIFICACIÓN DECIMAL DEWEY
No. de Clasificación 985.05 /
Notacion interna B26
No. de la edición ed.3
100 ## - ENTRADA PRINCIPAL--NOMBRE DE PERSONA
Nombre Personal Basadre, Jorge
245 ## - MENCIÓN DE TÍTULO
Título Historia de la República del Perú :
Resto del título 1822-1866 /
260 ## - PUBLICACIÓN, DISTRIBUCIÓN, ETC.
Lugar de publicación, distribución, etc. Lima :
Nombre de la editorial, distribuidor, etc. Ediciones Historia,
Fecha de publicación, distribución, etc. 1946.
300 ## - DESCRIPCIÓN FÍSICA
Nº de Páginas Extensión 1 tomos ;
Otros detalles físicos imagenes, diagramas, ilustraciones, dibujos
Dimensiones 25cm.
440 ## - MENCIÓN DE SERIE/PUNTO DE ACCESO ADICIONAL--TÍTULO
Título Historia de la republica del peru
9 (RLIN) 18459
505 ## - NOTA DE CONTENIDO CON FORMATO
Nota de contenido formateada Contenido : t.1 : La política interna durante la guerra de la emancipación -- El primer congreso constituyente -- La obra de Riva Agüero...
650 ## - PUNTO DE ACCESO ADICIONAL DE MATERIA--TÉRMINO DE MATERIA
Descriptor Historia
9 (RLIN) 136
650 ## - PUNTO DE ACCESO ADICIONAL DE MATERIA--TÉRMINO DE MATERIA
Descriptor Republica
9 (RLIN) 831
650 ## - PUNTO DE ACCESO ADICIONAL DE MATERIA--TÉRMINO DE MATERIA
Descriptor Perú
9 (RLIN) 35
650 ## - PUNTO DE ACCESO ADICIONAL DE MATERIA--TÉRMINO DE MATERIA
Descriptor Trascendencia
9 (RLIN) 18460
650 ## - PUNTO DE ACCESO ADICIONAL DE MATERIA--TÉRMINO DE MATERIA
Descriptor Sucesos
9 (RLIN) 18461
942 ## - ELEMENTOS DE PUNTO DE ACCESO ADICIONAL (KOHA)
Fuente de clasificación
Tipo de item Libros-BMC
945 ## - PROCESAMIENTO DE INFORMACIÓN LOCAL (OCLC)
Catalogador rcc
Holdings
Estado de retiro (separado) Fuente de clasificación o esquema de estanterías Estado dañado Ubicación Sala donde se ubica Nombre de la colección Fecha de adquisición o compra Costo, precio normal en soles Signatura topográfica Código de Barras Última vez visto (Koha) Tipo de ítem (Koha)
No     Sala Humanidades Sala Humanidades Book Cart 2019-03-18 50.00 086.985 / B26 / t.3 SH0000007524 2019-03-18 Libros-BMC
No     Sala Humanidades Sala Humanidades Book Cart 2019-03-18 50.00 086.985 / B26 / t.10 SH0000007525 2019-03-18 Libros-BMC
No     Sala Humanidades Sala Humanidades Book Cart 2019-03-18 50.00 086.985 / B26 / t.2 SH0000007526 2019-03-18 Libros-BMC
No     Sala Humanidades Sala Humanidades Book Cart 2019-03-18 50.00 086.985 / B26 / t.4 SH0000007527 2019-03-18 Libros-BMC
No     Sala Humanidades Sala Humanidades Book Cart 2019-03-18 50.00 086.985 / B26 / t.5 SH0000007528 2019-03-18 Libros-BMC
No     Sala Humanidades Sala Humanidades Book Cart 2019-03-18 50.00 086.985 / B26 / t.9 SH0000007529 2019-03-18 Libros-BMC
No     Sala Humanidades Sala Humanidades Book Cart 2019-03-18 50.00 086.985 / B26 / t.2 / e.2 SH0000007530 2019-03-18 Libros-BMC
No     Sala Humanidades Sala Humanidades Book Cart 2019-03-18 50.00 086.985 / B26 / t.1 SH0000007531 2019-03-18 Libros-BMC
No     Sala Humanidades Sala Humanidades Book Cart 2019-03-22 50.00 086.985 / B26 / t.4 / e.2 SH0000008853 2019-03-22 Libros-BMC
No     Sala Humanidades Sala Humanidades Book Cart 2019-03-22 50.00 086.985 / B26 / t.6 SH0000008854 2019-03-22 Libros-BMC
No     Sala Humanidades Sala Humanidades Book Cart 2019-03-22 50.00 086.985 / B26 / t.7 SH0000008855 2019-03-22 Libros-BMC
No     Sala Humanidades Sala Humanidades Book Cart 2019-03-22 50.00 086.985 / B26 / t.6 / e.2 SH0000008856 2019-03-22 Libros-BMC
No     Sala Humanidades Sala Humanidades Book Cart 2019-05-17 50.00 086.985 / B26 / t.1 / e.2 SH0000013867 2019-05-17 Libros-BMC
No     Sala Humanidades Sala Humanidades Book Cart 2019-05-22 50.00 985.05 / B26 / t.1 SH0000015140 2019-05-22 Libros-BMC
No     Sala Humanidades Sala Humanidades Book Cart 2019-10-21   086.985 / B26 / t.3 / e.2 SH0000005795 2019-10-21 Libros-BMC

Powered by Koha